000 00408nam a2200181Ia 4500
000 00746ngmaa2200277 a 4500
003 RNL
006 g||||fr|||| a0| fz
007 hj bfb|||baap
008 090707b ii f a fnsan d
040 _aeng
100 _aUshma ed.
245 _aGulwant Farigh Da Bhasha Chintan
260 _aDelhi,
260 _bM. P. Prakashan
260 _c2006
942 _cBK
999 _c23996
_d23996